00884nam a2200217 a 450000100100000000500170001000800410002702000150006804000250008304100390010808200150014710000220016224000820018424501360026626000380040230000280044053400910046865000450055965000270060470000350063100002326620240527202356.0101201s1988 mx a 000 0 spa d a9688882739 aDO-SdBNPbspacBNPHU17aspaheng2Código de idiomas MARC a337bB877m1 aBrower, Daniel R.10aThe world in the 20 century, the age of global war and revolution.lEspañol13aEl mundo en el siglo xx :bla era de la guerra global y la revolución /cDaniel R. Brower ; traducción Maria del Carmen Flores. aMéxico, D. F. :bPrisma,c1988. a457 p. :bil. ;c20 cm. aTítulo original :tThe world in the 20 century, the age of global war and revolution 0a Relaciones económicas internacionales 0aPolítica económica1 aFlores, Maria del Carmen,etr.